000 00581nam a22001697a 4500
008 140121t mx||||| |||| 00| 0 spa d
020 _a9707125101
050 0 4 _aKGF2548
_bA73 2005
100 1 _aAraujo Rentería, Jaime
245 1 0 _aEfectos de las sentencias de los Tribunales Costitucionales /
_cJaime Araujo Rentería.
250 _a1a ed.
260 _aMéxico :
_bSuprema Corte de Justicia de la Nación,
_c2005
300 _a41 p. ;
_c21 cm.
490 0 _a10 Años de la Novena Época. Discursos
650 7 _2Lemb
_aTribunales constitucionales
_zMéxico
942 _2ddc
_cLIB
999 _c47750
_d47750